I giorni dell'AIDS : testimonianza sulla vita e la morte di Martin V** /

Đã lưu trong:
Chi tiết về thư mục
Tác giả chính: Laygues, Helene (Tác giả)
Tác giả khác: Pellizzari, Lorenzo, (1938-2016) (Thông dịch viên)
Định dạng: Sách
Ngôn ngữ:Tiếng Italy
Được phát hành: Milano : Longanesi, ©1987
Loạt:La gaja scienza ; 194
Các nhãn: Thêm thẻ
Không có thẻ, Là người đầu tiên thẻ bản ghi này!

MARC

LEADER 00000nam a22000007i 4500
001 IT\ICCU\RAV\0014702
003 ItRI
005 20260214153550.0
008 870407s1987 it |||||| ||||| |||||c
020 |a 8830407186 
040 |b ita  |c Arcigay Genova 
041 7 |a ita  |2 ISO-639-2 
082 |a 843  |2 20 
082 |a 843.914  |2 20 
100 1 |a Laygues, Helene  |0 IT\ICCU\RAVV\009646  |4 aut 
240 1 0 |a SIDA  |9 Laygues, Helene 
245 1 2 |a I giorni dell'AIDS :  |b testimonianza sulla vita e la morte di Martin V** /  |c di Hélène Laygues ; traduzione di Lorenzo Pellizzani. 
260 |a Milano :  |b Longanesi,  |c ©1987 
300 |a 245 p. ;  |c 21 cm. 
700 1 |a Pellizzari, Lorenzo,  |d  (1938-2016)  |0 IT\ICCU\CFIV\041780  |4 trl 
830 3 |a La gaja scienza ;  |v 194  |0 IT\ICCU\CFI\0000487 
942 |2 ddc  |c BK 
952 |0 0  |1 0  |2 ddc  |4 0  |6 B_LNR01LAYHEGIO12  |7 0  |9 4491  |a MI  |b MI  |d 1988-02-11  |i 817  |l 0  |o B-LNR01-LAYHE-GIO12  |p CDOM817  |r 2025-07-03 11:33:46  |w 2025-07-03  |x DONO  |y BK 
952 |0 0  |1 0  |2 ddc  |4 0  |6 B_LNR01LAYHEGIO11  |7 0  |9 4492  |a MI  |b MI  |d 1987-06-04  |i 133  |l 0  |o B-LNR01-LAYHE-GIO11  |p CDOM133  |r 2025-07-03 11:33:46  |w 2025-07-03  |x DONO  |y BK 
952 |0 0  |1 0  |4 0  |6 A_843_914000000000000_LAY  |7 0  |9 15470  |a BO  |b BO  |d 2026-01-15  |i 5165  |l 0  |o A 843.914 LAY  |p BO5165  |r 2026-01-15 23:19:04  |w 2026-01-15  |x [Sebina 5] [1 v.]  |y BK  |z 1 v. 
999 |c 3533  |d 3533